Atomic spectra and atomic structure (Record no. 5672)

MARC details
000 -LEADER
fixed length control field 00499 a2200169 4500
001 - CONTROL NUMBER
control field 131136
003 - CONTROL NUMBER IDENTIFIER
control field OSt
005 - DATE AND TIME OF LATEST TRANSACTION
control field 20210908113908.0
008 - FIXED-LENGTH DATA ELEMENTS--GENERAL INFORMATION
fixed length control field
082 ## - DEWEY DECIMAL CLASSIFICATION NUMBER
Classification number 535.84
Item number H44A
100 1# - MAIN ENTRY--PERSONAL NAME
Personal name Herzberg, Gerhard
245 1# - TITLE STATEMENT
Title Atomic spectra and atomic structure
Statement of responsibility, etc by Gerhard Herzberg
260 ## - PUBLICATION, DISTRIBUTION, ETC. (IMPRINT)
Place of publication, distribution, etc New Delhi
Name of publisher, distributor, etc Dover Publication
Date of publication, distribution, etc 2008
300 ## - PHYSICAL DESCRIPTION
Extent 257p.
690 ## - LOCAL SUBJECT ADDED ENTRY--TOPICAL TERM (OCLC, RLIN)
Topical term or geographic name as entry element Atoms; Atomic spectroscopy; Spectrum analysis; Atomic spectra; Atomic structure
942 ## - ADDED ENTRY ELEMENTS (KOHA)
Source of classification or shelving scheme Dewey Decimal Classification
Koha item type Books
Holdings
Withdrawn status Lost status Source of classification or shelving scheme Damaged status Not for loan Collection code Home library Current library Date acquired Source of acquisition Cost, normal purchase price Total Checkouts Full call number Barcode Date last seen Date checked out Price effective from Koha item type
    Dewey Decimal Classification     General Text Book Central University Of Rajasthan Central University Of Rajasthan 08/06/2012 PHY 450.00 1 535.84 H44A 7214 21/11/2024 05/03/2024 02/09/2020 Books